[Event "Match"]
[Site "www.echecsemail.com"]
[Date "2016.11.17"]
[Round "1"]
[White "Ranjachess"]
[Black "Rindrandria"]
[WhiteElo "1710"]
[BlackElo "1690"]
[Result "0-1"]
[Round "1"]
1.d4 c5
2.Ng1f3 f6
3.e4 cxd4
4.Nf3xd4 e5
5.Nd4b5 a6
6.Nb5d6 Bf8xd6
7.Qd1xd6 Qd8a5
8.Bc1d2 Qa5a4
9.Bd2b4 Kf7
10.Bf1e2 Kg6
11.h4 h5
12.Rh1h3 a5
13.Rh3g3 Kh7
14.Qd6f8 Qa4xb4
15.Qf8xb4 axb4
16.Be2xh5 Nb8c6
17.Nb1d2 Nc6d4
18.O-O-O Ra8xa2
19.Nd2c4 Ra2a6
20.c3 Ra6c6
21.b3 Nd4xb3
22.Kb2 Rc6xc4
23.Kxb3 Rc4xe4
24.Bh5g6 Kh6
25.Bg6xe4 Ng8e7
26.cxb4 d5
27.Be4xd5 Ne7xd5
28.Kc4 Bc8e6
29.Rd1xd5 Rh8c8
30.Kb5 Be6xd5
31.Kb6 e4
32.Rg3a3 Rc8c6
33.Ka7 b5
34.Ra3a5 Bd5c4
35.g4 g5
36.h5 Bc4e2
37.Kb7 Rc6c3
38.Ra5xb5 Be2xb5
39.Kb6 Bb5e2
40.b5 Rc3b3
41.Kc5 Be2xb5
42.Kd4 Bb5c6
43.Kc4 Rb3f3
44.Kc5 Bc6a8
45.Kd6 Rf3xf2
46.Ke6 e3
47.Kf7 e2
48.Kg8 e1Q
49.Kf7 Ba8d5
50.Kf8 Qe1b4
51.Ke8 Rf2e2
52.Kd7 Qb4e7
53.Kc8 Re2c2
54.Kb8 Qe7b7

0-1

[Event "Match"]
[Site "www.echecsemail.com"]
[Date "2016.11.17"]
[Round "1"]
[White "Roque1"]
[Black "Pariolinius"]
[WhiteElo "1710"]
[BlackElo "1840"]
[Result "1-0"]
[Round "1"]
1.e4 c5
2.Ng1f3 d6
3.d4 cxd4
4.Nf3xd4 Ng8f6
5.Nb1c3 a6
6.Bc1e3 e6
7.Bf1d3 Bf8e7
8.O-O O-O
9.Nd4f3 Nb8c6
10.Qd1d2 Bc8d7
11.Nc3e2 Ra8c8
12.a4 Nf6g4
13.Ne2g3 Ng4xe3
14.Qd2xe3 Nc6b4
15.Rf1d1 Nb4xd3
16.cxd3 Rc8c2
17.b4 Qd8b8
18.d4 Rf8c8
19.d5 e5
20.Rd1d3 h6
21.h3 b5
22.a5 Rc8c4
23.Ra1b1 Qb8c7
24.Nf3d2 Be7g5
25.Qe3e2 Qc7c8
26.Nd2xc4 Rc2xc4
27.Rd3f3 Rc4c1
28.Rb1xc1 Qc8xc1
29.Ng3f1 Qc1b1
30.Rf3c3 Qb1xb4
31.Rc3c7 Bd7e8
32.Rc7c8 Kf8
33.Qe2c2 Qb4xa5
34.Qc2c6 Bg5d8
35.Qc6xd6 Bd8e7
36.Qd6d7 { resign }
1-0

[Event "Match"]
[Site "www.echecsemail.com"]
[Date "2016.11.17"]
[Round "1"]
[White "Pare123"]
[Black "Tonino1"]
[WhiteElo "2040"]
[BlackElo "2030"]
[Result "1-0"]
[Round "1"]
1.c4 Ng8f6
2.Nb1c3 g6
3.Ng1f3 Bf8g7
4.d4 O-O
5.e4 d6
6.Bc1f4 Nf6h5
7.Bf4g3 Nh5xg3
8.hxg3 c6
9.Qd1d2 Qd8c7
10.O-O-O Bc8g4
11.Bf1e2 Nb8d7
12.Qd2g5 Bg4xf3
13.Be2xf3 e5
14.d5 a5
15.Rh1h3 h6
16.Rh3xh6 Bg7xh6
17.Qg5xh6 f5
18.Qh6xg6 { resign }
1-0

[Event "Match"]
[Site "www.echecsemail.com"]
[Date "2016.11.17"]
[Round "1"]
[White "Tonino1"]
[Black "Pinehill"]
[WhiteElo "2030"]
[BlackElo "2040"]
[Result "1-0"]
[Round "1"]
1.f4 Ng8f6
2.d4 d5
3.e3 Bc8f5
4.Bf1d3 Bf5e4
5.Ng1f3 e6
6.b3 c6
7.Nb1d2 Be4xd3
8.cxd3 Bf8b4
9.Bc1b2 Nb8d7
10.a3 Bb4xd2
11.Qd1xd2 O-O
12.O-O Qd8c7
13.Nf3e5 Nf6e8
14.Ra1c1 f6
15.Ne5f3 a5
16.Rc1c2 e5
17.fxe5 fxe5
18.dxe5 Rf8xf3
19.Rf1xf3 Nd7xe5
20.Bb2xe5 Qc7xe5
21.Qd2c3 Qe5h5
22.Qc3c5 Ne8f6
23.Qc5e7 Ra8e8
24.Qe7xb7 Re8xe3
25.Qb7c8 Qh5e8
26.Qc8xe8 Re3xe8
27.Rc2xc6 { resign }
1-0

[Event "Match"]
[Site "www.echecsemail.com"]
[Date "2016.11.17"]
[Round "1"]
[White "Llord"]
[Black "Coraza"]
[WhiteElo "1870"]
[BlackElo "1800"]
[Result "1-0"]
[Round "1"]
1.e4 e5
2.Ng1f3 Nb8c6
3.Bf1c4 h6
4.O-O Ng8f6
5.Nb1c3 b6
6.a3 a6
7.d4 Bf8d6
8.dxe5 Bd6xe5
9.Nf3xe5 Nc6xe5
10.Bc4b3 O-O
11.Bc1f4 Ne5g6
12.Bf4e3 Rf8e8
13.f3 c5
14.f4 Nf6xe4
15.Nc3xe4 Bc8b7
16.Bb3d5 Bb7xd5
17.Qd1xd5 Ng6e7
18.Qd5d3 Ne7c6
19.Rf1e1 d5
20.Ne4g3 c4
21.Qd3c3 f6
22.Ng3h5 b5
23.Be3d4 Re8e4
24.Bd4xf6 Qd8b6
25.Kh1 Ra8e8
26.Bf6h4 d4
27.Qc3g3 Qb6c7
28.Nh5f6 Kh8
29.Nf6xe8 Re4xe1
30.Ra1xe1 Qc7d7
31.Bh4f6 gxf6
32.Ne8xf6 Qd7f7
33.Re1e8 Qf7xe8
34.Nf6xe8 { resign }
1-0

[Event "Match"]
[Site "www.echecsemail.com"]
[Date "2016.11.17"]
[Round "1"]
[White "Pinehill"]
[Black "Stevep84"]
[WhiteElo "2050"]
[BlackElo "2250"]
[Result "0-1"]
[Round "1"]
1.e4 c6
2.d4 d5
3.Nb1d2 dxe4
4.Nd2xe4 Bc8f5
5.Ne4g3 Bf5g6
6.h4 h6
7.h5 Bg6h7
8.Bf1d3 Bh7xd3
9.Qd1xd3 Ng8f6
10.Ng1f3 Nb8d7
11.Bc1f4 e6
12.O-O-O Nf6d5
13.Bf4d2 Bf8d6
14.Ng3e4 Qd8c7
15.c4 Nd5b4
16.Qd3b3 a5
17.a3 Nb4a6
18.Ne4xd6 Qc7xd6
19.Qb3xb7 O-O
20.Bd2xa5 Rf8b8
21.c5 Qd6e7
22.Qb7xc6 Rb8c8
23.Qc6e4 Nd7xc5
24.dxc5 Na6xc5
25.Qe4e2 Nc5b3
26.Kb1 Ra8xa5
27.Qe2d3 Ra5xa3
28.bxa3 Qe7xa3
{ resign }
0-1

[Event "1/32 Finale"]
[Site "www.chess-mail.com"]
[Date "2016.11.17"]
[Round "1"]
[White "Sportuga"]
[Black "Egdiogel"]
[WhiteElo "2250"]
[BlackElo "2230"]
[Result "1/2-1/2"]
[Round "1"]
1.e4 c5
2.Ng1f3 d6
3.d4 cxd4
4.Nf3xd4 Ng8f6
5.Nb1c3 g6
6.Bc1e3 Nb8c6
7.f3 e5
8.Nd4b3 Bc8e6
9.Qd1d2 d5
10.exd5 Nf6xd5
11.Nc3xd5 Qd8xd5
12.Qd2xd5 Be6xd5
13.c4 Bd5e6
14.Bf1e2 Bf8g7
15.Nb3c5 Nc6d8
16.O-O O-O
17.Ra1d1 b6
18.Nc5e4 Nd8b7
19.b3 h6
20.Rd1d2 f5
21.Ne4d6 Nb7d8
22.Rf1d1 Nd8f7
23.Nd6xf7 Rf8xf7
24.Rd2d6 Rf7e7
25.Rd6c6 Be6f7
26.g3 e4
27.fxe4 Re7xe4
28.Rd1d3 Ra8e8
{ draw }
1/2-1/2

[Event "1/64 Finale"]
[Site "www.chess-mail.com"]
[Date "2016.11.17"]
[Round "1"]
[White "Maciekkam"]
[Black "Tonino1"]
[WhiteElo "2150"]
[BlackElo "2030"]
[Result "1-0"]
[Round "1"]
1.e4 c6
2.d4 d5
3.Nb1d2 dxe4
4.Nd2xe4 Nb8d7
5.Ne4g5 Ng8f6
6.Bf1d3 e6
7.Ng1f3 Bf8e7
8.Qd1e2 O-O
9.Nf3e5 h6
10.Ng5f3 Qd8c7
11.Bc1d2 b6
12.O-O-O Bc8b7
13.g4 c5
14.Rh1g1 cxd4
15.g5 hxg5
16.Bd2xg5 Ra8c8
17.Bg5h6 Nf6e8
18.Ne5xd7 Qc7xd7
19.Nf3e5 Qd7a4
20.Bh6xg7 Ne8xg7
21.Rg1xg7 Kxg7
22.Qe2g4 Kf6
23.Qg4f4 Kg7
24.Rd1g1 Kh8
25.Qf4h6 
1-0

[Event "1/128 Finale"]
[Site "www.chess-mail.com"]
[Date "2016.11.17"]
[Round "1"]
[White "Nafecz"]
[Black "Kauan"]
[WhiteElo "1199"]
[BlackElo "1799"]
[Result "1-0"]
[Round "1"]
1.d4 d6
2.e4 g6
3.Nb1c3 Bf8g7
4.Bc1e3 c6
5.Qd1d2 Nb8d7
6.O-O-O b5
7.a3 Nd7b6
8.Ng1f3 a5
9.b3  { time }
1-0

[Event "Tourn. n8930"]
[Site "www.chess-mail.com"]
[Date "2016.11.18"]
[Round "1"]
[White "Ejner"]
[Black "Tartan"]
[WhiteElo "2480"]
[BlackElo "2410"]
[Result "0-1"]
[Round "1"]
1.d4 Ng8f6
2.c4 e6
3.Nb1c3 Bf8b4
4.Qd1d3 d5
5.cxd5 exd5
6.Qd3b5 Nb8c6
7.Bc1g5 O-O
8.e3 a6
9.Qb5d3 h6
10.Bg5xf6 Qd8xf6
11.Ng1e2 Bc8f5
12.Qd3d1 Rf8e8
13.a3 Bb4xc3
14.bxc3 Qf6d6
15.Ne2g3 Bf5g6
16.Bf1d3 Nc6a5
17.Bd3xg6 Qd6xg6
18.Qd1b1 Qg6xb1
19.Ra1xb1 b5
20.Ng3h5 Na5c4
21.Rb1a1 a5
22.Nh5f4 c6
23.h4 b4
24.a4 b3
25.Ke2 Ra8b8
26.Rh1b1 b2
27.Ra1a2 Rb8b3
28.Nf4d3 Rb3xc3
29.Nd3xb2 Rc3c2
30.Ke1 Re8e4
31.g3 Nc4xe3
32.fxe3 Re4xe3
33.Kd1 Re3e2
34.g4 Re2d2
35.Ke1 Rd2h2
36.Kd1 Rc2g2
{ resign }
0-1

[Event "Tourn. n9033"]
[Site "www.chess-mail.com"]
[Date "2016.11.18"]
[Round "1"]
[White "Estonia"]
[Black "Osopanda"]
[WhiteElo "2070"]
[BlackElo "2020"]
[Result "0-1"]
[Round "1"]
1.d4 d5
2.c4 e6
3.Nb1c3 Ng8f6
4.e3 c6
5.Bf1d3 Bf8b4
6.Ng1f3 O-O
7.O-O Qd8a5
8.Bc1d2 dxc4
9.Bd3xc4 b5
10.Bc4b3 Qa5c7
11.Qd1c2 a5
12.a4 Bc8a6
13.Rf1d1 bxa4
14.Bb3xa4 c5
15.dxc5 Qc7xc5
16.Nf3d4 Nb8d7
17.Ba4xd7 Nf6xd7
18.Qc2e4 Nd7f6
19.Qe4h4 Ra8d8
20.g4 Ba6b7
21.g5 Rd8xd4
22.exd4 Qc5c6
23.d5 Nf6xd5
24.Nc3xd5 Qc6xd5
25.Kf1 Bb7a6
26.Kg1 Ba6b7
{ resign }
0-1

[Event "Tourn. n9051"]
[Site "www.chess-mail.com"]
[Date "2016.11.18"]
[Round "1"]
[White "Norlavuaram"]
[Black "Panham"]
[WhiteElo "2250"]
[BlackElo "2200"]
[Result "1-0"]
[Round "1"]
1.e4 c6
2.d4 d5
3.Nb1d2 dxe4
4.Nd2xe4 Bc8f5
5.Ne4g3 Bf5g6
6.Ng1f3 Nb8d7
7.Bf1c4 e6
8.O-O Ng8f6
9.c3 Bf8d6
10.Bc1g5 Qd8c7
11.Qd1d2 O-O
12.Nf3h4 Bd6xg3
13.hxg3 Nf6e4
14.Qd2c1 Ne4xg5
15.Nh4xg6 hxg6
16.Qc1xg5 Nd7f6
17.Rf1e1 Ra8d8
18.Re1e3 b5
19.Bc4b3 Nf6d5
20.Bb3xd5 Rd8xd5
21.Qg5g4 c5
22.dxc5 Qc7xc5
23.Ra1e1 Rf8d8
24.Re3e2 Rd5d2
25.Kf1 Qc5d5
26.Qg4f3 Qd5xa2
27.Re2xd2 Rd8xd2
28.Qf3a8 Kh7
29.Qa8f3 Qa2c4
30.Kg1 Qc4c7
31.Re1e4 Qc7d7
32.Re4h4 Kg8
33.Qf3a8 Qd7d8
34.Qa8xa7 Rd2xb2
35.Rh4d4 Qd8c8
36.Qa7a5 Kh7
37.Qa5a3 Rb2c2
38.Qa3e7 f6
39.Rd4d7 Kh6
40.Qe7xe6 f5
41.Qe6e7 Qc8c4
42.f4 Qc4e2
43.Qe7xg7 { resign }
1-0

[Event "Tourn. n8978"]
[Site "www.chess-mail.com"]
[Date "2016.11.18"]
[Round "1"]
[White "Cal"]
[Black "Falcoale"]
[WhiteElo "1670"]
[BlackElo "1570"]
[Result "0-1"]
[Round "1"]
1.Nb1c3 Ng8f6
2.e4 e6
3.d3 b6
4.a3 Bc8b7
5.Bc1g5 h6
6.Bg5xf6 Qd8xf6
7.Ng1f3 d5
8.e5 Qf6d8
9.d4 Bf8e7
10.Bf1d3 c5
11.dxc5 Be7xc5
12.Nc3b5 a6
13.Nb5c3 O-O
14.O-O Nb8c6
15.Nc3e2 Qd8c7
16.h3 Ra8d8
17.b4 Bc5e7
18.c3 Nc6xe5
19.Ne2g3 Ne5xf3
20.Qd1xf3 Be7f6
21.a4 Bf6xc3
22.Rf1c1 d4
23.Qf3g4 Qc7e7
24.f3 Bc3xa1
25.Rc1xa1 Bb7c8
26.Ng3h5 Qe7g5
27.f4 Qg5xg4
28.hxg4 a5
29.bxa5 bxa5
30.Ra1b1 e5
31.g5 hxg5
32.fxe5 Bc8g4
33.Nh5g3 Rf8e8
34.Ng3e4 Re8xe5
35.Ne4g3 Re5e3
36.Bd3h7 Kxh7
37.Ng3f1 Re3a3
38.Nf1d2 Ra3xa4
39.Rb1b7 Ra4a1
40.Kh2 Ra1a2
41.Nd2c4 d3
42.Nc4e5 Bg4e6
43.Rb7e7 d2
44.Ne5xf7 d1Q
45.Nf7xg5 Kg6
46.Ng5f3 Qd1xf3
{ resign }
0-1

[Event "Tourn. n8974"]
[Site "www.chess-mail.com"]
[Date "2016.11.18"]
[Round "1"]
[White "Cal"]
[Black "Pariolinius"]
[WhiteElo "1670"]
[BlackElo "1840"]
[Result "0-1"]
[Round "1"]
1.d4 f5
2.Ng1f3 Ng8f6
3.Nb1c3 e6
4.a3 Bf8e7
5.h3 O-O
6.e3 Nb8c6
7.b4 a6
8.Bf1d3 b5
9.Bc1b2 Bc8b7
10.O-O d6
11.Nc3e2 Nf6e4
12.Bd3xe4 fxe4
13.Nf3h2 Be7f6
14.Ne2f4 Qd8e7
15.Nf4h5 Bf6g5
16.Nh5g3 Nc6d8
17.Nh2g4 Nd8f7
18.f4 Bg5h4
19.Ng3h1 d5
20.a4 Qe7xb4
21.Qd1c1 Ra8c8
22.Ng4e5 Nf7xe5
23.dxe5 bxa4
24.g3 Bh4e7
25.Nh1f2 a5
26.Bb2a3 Qb4b6
27.Nf2g4 Be7xa3
28.Qc1xa3 Bb7a6
29.Rf1b1 Ba6b5
30.c3 Qb6a6
31.Qa3e7 Kh8
32.h4 Bb5d3
33.Rb1b2 Bd3b5
34.h5 Rf8e8
35.Qe7f7 c6
36.h6 Re8g8
37.hxg7 Rg8xg7
38.Qf7xe6 Rc8g8
39.Kf2 Rg7xg4
40.Qe6f6 Rg4g7
41.Ra1h1 Qa6c8
42.Ke1 Qc8g4
43.Rb2f2 Qg4xg3
44.e6 Qg3xe3
45.Kd1 Qe3xf2
46.e7 Qf2e2
47.Kc1 Qe2e3
48.Kb2 Qe3f2
49.Ka3 Qf2c2
50.Qf6e5 Qc2b3
{ resign }
0-1

[Event "Tourn. n9016"]
[Site "www.chess-mail.com"]
[Date "2016.11.18"]
[Round "1"]
[White "Picifarkinca"]
[Black "Maciekkam"]
[WhiteElo "1950"]
[BlackElo "2079"]
[Result "0-1"]
[Round "1"]
1.Ng1f3 Ng8f6
2.b3 g6
3.Bc1b2 Bf8g7
4.g3 d6
5.Bf1g2 c5
6.O-O O-O
7.d4 cxd4
8.Nf3xd4 d5
9.Nb1d2 e5
10.Nd4f3 e4
11.Nf3d4 Nb8c6
12.c4 Bc8e6
13.e3 Be6g4
14.Qd1c1 Nc6xd4
15.Bb2xd4 Bg4e2
16.cxd5 Ra8c8
17.Qc1a3 Be2xf1
18.Ra1xf1 Qd8xd5
19.Nd2c4 Nf6d7
20.Bd4xg7 Kxg7
21.Nc4d6 Rc8c6
22.Nd6xe4 Rc6a6
23.Qa3b2 Qd5e5
24.Qb2xe5 Nd7xe5
25.a4 Ra6b6
26.Ne4c5 Rb6b4
27.Bg2xb7 Ne5d3
28.Nc5xd3 Rb4xb7
29.Rf1b1 a5
30.Kg2 Rf8c8
31.Nd3c1 Rb7c7
32.Nc1e2 Rc7c2
33.Ne2d4 Rc2c1
{ resign }
0-1

[Event "Match"]
[Site "www.echecsemail.com"]
[Date "2016.11.18"]
[Round "1"]
[White "Luban"]
[Black "Coraza"]
[WhiteElo "1940"]
[BlackElo "1790"]
[Result "1-0"]
[Round "1"]
1.d4 e6
2.c4 Bf8b4
3.Bc1d2 Bb4e7
4.Ng1f3 Ng8f6
5.Nb1c3 a6
6.e3 Nb8c6
7.a3 O-O
8.h3 d5
9.Bf1d3 b6
10.O-O Nc6a5
11.cxd5 exd5
12.b4 Na5c6
13.Qd1c2 Nf6g4
14.hxg4 g6
15.g3 Be7d6
16.Kg2 Bc8xg4
17.Nc3xd5 Bg4xf3
18.Kxf3 Qd8d7
19.Nd5f6 Kg7
20.Nf6xd7 Nc6xd4
21.exd4 Rf8d8
22.Nd7e5 Bd6xe5
23.dxe5 Ra8c8
24.Bd3xa6 Rc8b8
25.Qc2xc7 Rd8f8
26.Kg2 b5
27.Ba6b7 Rb8e8
28.f4 h5
29.Rf1e1 Rf8h8
30.e6 Rh8f8
31.Qc7xf7 Rf8xf7
32.exf7 Kxf7
33.Re1xe8 Kxe8
34.Bb7c6 { resign }
1-0

[Event "Match"]
[Site "www.echecsemail.com"]
[Date "2016.11.18"]
[Round "1"]
[White "Raulazo"]
[Black "Calponas"]
[WhiteElo "1910"]
[BlackElo "1980"]
[Result "1-0"]
[Round "1"]
1.e4 c5
2.Bf1c4 Nb8c6
3.Qd1f3 Nc6e5
4.Qf3b3 Ne5xc4
5.Qb3xc4 e6
6.Ng1f3 d5
7.exd5 exd5
8.Qc4b5 Qd8d7
9.Qb5e2 Bf8e7
10.O-O Qd7e6
11.Qe2b5 Qe6c6
12.Qb5e2 Bc8e6
13.Nf3e5 Qc6d6
14.Nb1c3 a6
15.d3 Ng8f6
16.Bc1f4 Qd6b6
17.b3 Qb6b4
18.Bf4d2 Qb4h4
19.Ne5f3 Qh4h5
20.Ra1e1 O-O
21.Bd2g5 Rf8e8
22.Bg5xf6 gxf6
23.a4 b6
24.h3 Be6xh3
25.gxh3 Qh5xh3
26.Nf3h2 Kh8
27.Qe2f3 Re8g8
28.Kh1 Qh3xf3
29.Nh2xf3 Be7d6
30.Nc3xd5 Rg8g6
31.Re1e4 Ra8g8
32.Nf3h4 Rg6h6
33.Nd5e3 Rg8g5
34.Re4e8 Kg7
35.Re8e4 Rg5h5
36.Rf1g1 Kf8
37.Ne3g2 f5
38.Re4e3 f4
39.Re3f3 f5
40.Kh2 Kf7
41.Rg1h1 Kf6
42.Kg1 Kg5
43.Rf3h3 Kf6
44.c4 Ke5
45.Kf1 Kd4
46.Nh4xf5 Rh5xf5
47.Rh3xh6 { resign }
1-0

[Event "Match"]
[Site "www.echecsemail.com"]
[Date "2016.11.18"]
[Round "1"]
[White "Rindrandria"]
[Black "Ranjachess"]
[WhiteElo "1710"]
[BlackElo "1710"]
[Result "1-0"]
[Round "1"]
1.e4 e5
2.Ng1f3 Nb8c6
3.c3 b6
4.Qd1a4 Bc8b7
5.Bf1a6 Bb7xa6
6.Qa4xa6 Ng8f6
7.b4 Nf6xe4
8.Qa6c4 d5
9.Qc4xc6 Ke7
10.Nf3xe5 g6
11.d3 Ne4g5
12.Bc1xg5 f6
13.Bg5xf6 
1-0

[Event "Match"]
[Site "www.echecsemail.com"]
[Date "2016.11.18"]
[Round "1"]
[White "Llord"]
[Black "Raulazo"]
[WhiteElo "1870"]
[BlackElo "1890"]
[Result "1-0"]
[Round "1"]
1.e4 e5
2.Ng1f3 Nb8c6
3.Bf1c4 h6
4.O-O Ng8f6
5.Nb1c3 Bf8b4
6.a3 Bb4xc3
7.dxc3 O-O
8.Bc1e3 Nc6a5
9.Bc4a2 Na5c6
10.Ba2d5 Rf8e8
11.Nf3h4 Nc6e7
12.Bd5b3 Nf6xe4
13.Qd1f3 d5
14.c4 d4
15.Qf3xe4 dxe3
16.fxe3 Ne7c6
17.c5 Bc8e6
18.c4 a5
19.Bb3c2 g6
20.Nh4xg6 f5
21.Rf1xf5 Be6xf5
22.Qe4xf5 Nc6e7
23.Qf5e6 Kg7
24.Qe6xe5 Kh7
25.Ng6xe7 { resign }
1-0

[Event "Match"]
[Site "www.echecsemail.com"]
[Date "2016.11.18"]
[Round "1"]
[White "Mrmoto"]
[Black "Nearlythere"]
[WhiteElo "1680"]
[BlackElo "1499"]
[Result "1-0"]
[Round "1"]
1.e4 e5
2.Ng1f3 f6
3.Nf3xe5 fxe5
4.Qd1h5 Ke7
5.Qh5xe5 Kf7
6.Bf1c4 Kg6
7.Qe5f5 Kh6
8.d4 g5
9.h4 Kg7
10.Qf5f7 Kh6
11.hxg5 { resign }
1-0

[Event "Match"]
[Site "www.echecsemail.com"]
[Date "2016.11.18"]
[Round "1"]
[White "Tonino1"]
[Black "Faerieking"]
[WhiteElo "2030"]
[BlackElo "2170"]
[Result "0-1"]
[Round "1"]
1.f4 e5
2.e4 d5
3.exd5 c6
4.dxc6 Nb8xc6
5.Bf1c4 Bf8c5
6.Ng1f3 e4
7.Nf3g5 Ng8h6
8.Ng5xe4 Qd8h4
9.g3 Qh4e7
10.Bc4e2 Qe7xe4
11.Rh1f1 Bc8h3
12.d3 Qe4e6
13.Nb1c3 Bh3xf1
14.Kxf1 Qe6h3
15.Ke1 Qh3xh2
16.Nc3e4 O-O-O
17.Ne4xc5 Qh2g1
18.Kd2 Qg1xc5
19.c3 Rh8e8
20.Qd1b3 Qc5e3
{ resign }
0-1

[Event "Match"]
[Site "www.echecsemail.com"]
[Date "2016.11.18"]
[Round "1"]
[White "Coraza"]
[Black "Whitekknight"]
[WhiteElo "1840"]
[BlackElo "1970"]
[Result "1/2-1/2"]
[Round "1"]
1.e4 e5
2.Bf1c4 Ng8f6
3.d3 h6
4.Ng1f3 Nb8c6
5.Nb1c3 Bf8b4
6.Bc1d2 O-O
7.Nc3d5 Bb4xd2
8.Qd1xd2 Nf6xd5
9.Bc4xd5 Qd8f6
10.Bd5xc6 bxc6
11.O-O d5
12.Qd2c3 d4
13.Qc3c5 Rf8e8
14.a4 a5
15.b4 axb4
16.Qc5xb4 Bc8d7
17.Qb4b7 Re8c8
18.Rf1b1 Ra8b8
19.Qb7a6 Qf6d8
20.Nf3xe5 Rb8xb1
21.Ra1xb1 Bd7e8
22.f4 Rc8a8
23.Qa6c4 Qd8d6
24.g3 c5
25.Qc4a2 Qd6e7
26.Ne5g6 Qe7f6
27.Ng6e5 Ra8xa4
28.Qa2b3 Ra4b4
29.Qb3a2 Rb4xb1
30.Qa2xb1 Qf6b6
31.Qb1a2 Kf8
32.Ne5c4 Qb6b7
33.Kf2 Be8d7
34.Nc4e5 Bd7e6
35.Qa2a1 Ke7
36.h4 f6
37.Ne5g6 Kd6
38.f5 Be6f7
39.Kf3 Bf7xg6
40.fxg6 h5
41.Qa1a2 c6
42.Kf4 Qb7e7
43.Qa2f7 Qe7e5
44.Kf3 Qe5e7
45.e5 fxe5
46.Qf7g8 Qe7f6
47.Kg2 Qf6xg6
48.Qg8d8 Ke6
49.Qd8c8 Kf7
50.Qc8c7 Kg8
51.Qc7b8 Kh7
52.Qb8xe5 c4
53.Qe5xd4 cxd3
54.cxd3 Kh6
55.Qd4e3 Kh7
56.Qe3d4 c5
{ draw }
1/2-1/2

[Event "Match"]
[Site "www.echecsemail.com"]
[Date "2016.11.18"]
[Round "1"]
[White "Chapi"]
[Black "Pinehill"]
[WhiteElo "2100"]
[BlackElo "2070"]
[Result "1-0"]
[Round "1"]
1.d4 Ng8f6
2.c4 e6
3.Nb1c3 Bf8b4
4.Bc1d2 O-O
5.a3 Bb4xc3
6.Bd2xc3 d5
7.e3 b6
8.cxd5 exd5
9.Bf1d3 c5
10.f3 Bc8b7
11.Ng1e2 Rf8e8
12.Kf2 Nb8c6
13.Rh1e1 Qd8c7
14.g3 Re8e7
15.dxc5 bxc5
16.Qd1c2 d4
17.exd4 cxd4
18.Ne2xd4 Nc6e5
19.Nd4f5 Ne5xd3
20.Qc2xd3 Re7xe1
21.Ra1xe1 Ra8d8
22.Qd3e3 h6
23.Nf5xh6 gxh6
24.Qe3xh6 Qc7c6
25.Qh6xf6 Rd8d2
26.Re1e2 Rd2xe2
27.Kxe2 Bb7a6
28.Kf2 { resign }
1-0

[Event "Match"]
[Site "www.echecsemail.com"]
[Date "2016.11.18"]
[Round "1"]
[White "Tutulini"]
[Black "Guidom"]
[WhiteElo "1799"]
[BlackElo "2170"]
[Result "0-1"]
[Round "1"]
1.e4 e5
2.Ng1f3 Nb8c6
3.Bf1b5 a6
4.Bb5a4 Ng8f6
5.O-O d6
6.d4 exd4
7.Nf3xd4 Bc8d7
8.Ba4xc6 bxc6
9.Nb1c3 c5
10.Nd4e2 Bf8e7
11.Ne2f4 O-O
12.Nf4d5 Bd7c6
13.Rf1e1 Rf8e8
14.Nd5xe7 Re8xe7
 { time }
0-1

[Event "Match"]
[Site "www.echecsemail.com"]
[Date "2016.11.18"]
[Round "1"]
[White "Mitja"]
[Black "Bojan"]
[WhiteElo "1950"]
[BlackElo "1980"]
[Result "1-0"]
[Round "1"]
1.d4 Ng8f6
2.e3 g6
3.c3 Bf8h6
4.Ng1e2 d5
5.Ne2g3 Bc8d7
6.Nb1d2 a6
7.h3 Nb8c6
8.Qd1b3 e5
9.dxe5 Nc6xe5
10.Qb3xb7 Bd7c8
11.Qb7xa8 O-O
12.Bf1xa6 Qd8d7
13.Ba6xc8 Rf8xc8
14.Qa8a6 c6
15.O-O Nf6e8
16.b3 Ne8c7
17.Qa6e2 Nc7e6
18.Nd2f3 Bh6g7
19.Nf3xe5 Bg7xe5
20.Bc1b2 Qd7e7
21.Ra1c1 Rc8a8
22.Bb2a1 Ne6g5
23.Rf1e1 h5
24.c4 Be5xg3
25.fxg3 Ng5e4
26.g4 Ne4g3
27.Qe2f3 h4
28.Ba1f6 Qe7d6
29.Bf6xh4 Ng3e4
30.Re1f1 Qd6d7
31.Rc1d1 Qd7e6
32.cxd5 cxd5
33.a4 Ra8b8
34.Rd1d3 Ne4c5
35.Rd3xd5 Nc5xb3
36.Rd5d8 Rb8xd8
37.Bh4xd8 Nb3d2
38.Qf3f2 Nd2e4
39.Qf2f4 Ne4c3
40.Rf1e1 Qe6a6
41.Bd8f6 Qa6b6
42.Bf6xc3 { resign }
1-0

[Event "Fast Game"]
[Site "www.echecsemail.com"]
[Date "2016.11.18"]
[Round "1"]
[White "Pellix84"]
[Black "Hennie4820"]
[WhiteElo "1630"]
[BlackElo "1740"]
[Result "0-1"]
[Round "1"]
1.d4 Ng8f6
2.Ng1f3 g6
3.Bc1g5 Bf8g7
4.Nb1c3 O-O
5.e4 d6
6.h3 Nb8d7
7.Qd1d2 e5
8.Bf1c4 c6
9.Bc4b3 Qd8c7
10.O-O-O b5
11.Nf3h2 a5
12.a3 b4
13.Nc3b1 Nf6xe4
14.Qd2e3 Ne4xg5
15.Qe3xg5 exd4
16.Nh2f3 c5
17.Bb3d5 Bc8b7
18.h4 Bb7xd5
19.Qg5xd5 Nd7f6
20.Qd5c4 d5
21.Qc4d3 Nf6e4
22.Rd1f1 c4
{ resign }
0-1

[Event "Tourn. n9072"]
[Site "www.chess-mail.com"]
[Date "2016.11.19"]
[Round "1"]
[White "Fangshuo"]
[Black "Norlavuaram"]
[WhiteElo "2120"]
[BlackElo "2250"]
[Result "0-1"]
[Round "1"]
1.e4 e5
2.Ng1f3 Nb8c6
3.Bf1b5 a6
4.Bb5xc6 dxc6
5.O-O Bc8g4
6.c3 Bf8d6
7.d3 f6
8.Nb1d2 Qd8d7
9.Qd1b3 O-O-O
10.d4 exd4
11.cxd4 Bd6f4
12.Nd2c4 Bf4xc1
13.Ra1xc1 Bg4e6
14.Rc1c3 b5
15.Nc4a5 Be6xb3
16.axb3 Ng8e7
{ resign }
0-1

[Event "Tourn. n9048"]
[Site "www.chess-mail.com"]
[Date "2016.11.19"]
[Round "1"]
[White "Falcoale"]
[Black "Picifarkinca"]
[WhiteElo "1860"]
[BlackElo "2010"]
[Result "1-0"]
[Round "1"]
1.c4 e6
2.Nb1c3 Ng8f6
3.b3 d5
4.cxd5 exd5
5.Bc1b2 Bf8e7
6.Ng1f3 O-O
7.Qd1c2 c5
8.d3 Nb8c6
9.O-O-O Nf6g4
10.h3 Ng4xf2
11.Rh1h2 { resign }
1-0

[Event "Tourn. n9041"]
[Site "www.chess-mail.com"]
[Date "2016.11.19"]
[Round "1"]
[White "Picifarkinca"]
[Black "Al3x"]
[WhiteElo "2030"]
[BlackElo "1990"]
[Result "0-1"]
[Round "1"]
1.e4 e5
2.Ng1e2 Ng8f6
3.Nb1c3 Nb8c6
4.g3 Bf8c5
5.Bf1g2 d6
6.O-O a6
7.d3 O-O
8.Bc1e3 Bc5xe3
9.fxe3 Nf6g4
10.Qd1d2 Qd8g5
11.Nc3d5 Nc6d4
12.Ne2xd4 exd4
13.Nd5xc7 Qg5h5
14.Bg2f3 dxe3
15.Qd2e2 Ra8b8
16.Bf3xg4 Bc8xg4
17.Qe2xe3 Rb8c8
18.Qe3b6 Qh5e5
19.c3 Bg4e2
20.Rf1f5 Qe5e7
21.Nc7d5 Qe7d7
22.Rf5g5 Kh8
23.Nd5f4 h6
24.Rg5d5 Rc8c6
25.Qb6e3 Be2g4
{ resign }
0-1

[Event "Tourn. n8926"]
[Site "www.chess-mail.com"]
[Date "2016.11.19"]
[Round "1"]
[White "Picifarkinca"]
[Black "Hundegana"]
[WhiteElo "2020"]
[BlackElo "2000"]
[Result "0-1"]
[Round "1"]
1.e4 c5
2.c4 Nb8c6
3.Nb1c3 Nc6d4
4.Ng1f3 Qd8c7
5.d3 a6
6.g3 g6
7.Bf1g2 Bf8g7
8.O-O e5
9.Nc3d5 Qc7d6
10.Bc1e3 Ng8e7
11.Nf3xd4 cxd4
12.Be3d2 Ne7xd5
13.cxd5 b5
14.a3 O-O
15.Ra1c1 Bc8b7
16.Bd2a5 Ra8c8
17.Qd1d2 Rc8xc1
18.Rf1xc1 Rf8c8
19.Ba5b4 Qd6f6
20.f4 exf4
21.Rc1xc8 Bb7xc8
22.Qd2xf4 Qf6xf4
23.gxf4 h6
24.e5 Bg7f8
25.d6 Kg7
26.Bb4c5 f6
27.Bc5xd4 fxe5
28.Bd4xe5 Kh7
29.Bg2e4 h5
30.d4 Bf8g7
31.f5 gxf5
32.Be4xf5 Kg8
33.Bf5e4 Bg7xe5
34.dxe5 Kf7
35.Be4d5 Kg7
36.Kf2 Kg6
37.Bd5e4 Kg5
38.b4 Kf4
39.e6 dxe6
40.Be4c6 Ke5
41.d7 Bc8xd7
42.Bc6xd7 Kd5
43.Bd7c8 e5
44.Bc8xa6 Kc4
45.Ke3 Kb3
46.Ba6xb5 Kxa3
47.h4 Kxb4
48.Bb5e2 Kc5
49.Ke4 Kd6
50.Be2xh5 Ke6
51.Bh5e8 Kf6
52.h5 Ke7
53.h6 Kf6
54.Be8h5 Kg5
55.h7 Kxh5
56.h8R Kg6
57.Rh8f8 Kg7
58.Rf8f5 Kg6
59.Rf5xe5 Kf6
60.Re5a5 Ke6
61.Ra5a6 Kd7
{ resign }
0-1

[Event "Tourn. n8912"]
[Site "www.chess-mail.com"]
[Date "2016.11.19"]
[Round "1"]
[White "Szustan"]
[Black "Seger"]
[WhiteElo "2590"]
[BlackElo "2770"]
[Result "0-1"]
[Round "1"]
1.e4 Nb8c6
2.Ng1f3 e5
3.Nb1c3 Ng8f6
4.d4 exd4
5.Nf3xd4 Bf8b4
6.Nd4xc6 bxc6
7.Bf1d3 O-O
8.O-O d5
9.exd5 cxd5
10.Bc1g5 c6
11.Nc3a4 Qd8d6
12.c3 Bb4a5
13.Bg5h4 Ba5c7
14.Bh4g3 Qd6d8
15.Bg3xc7 Qd8xc7
16.h3 Bc8e6
17.a3 a5
18.Na4c5 Nf6d7
19.Nc5xd7 Be6xd7
20.Rf1e1 Qc7f4
21.Qd1c1 Qf4xc1
22.Ra1xc1 g6
23.Re1e7 Rf8d8
24.g4 a4
25.f4 Kg7
26.Kf2 Ra8b8
27.Rc1c2 Rb8b3
28.Kg3 c5
29.Kh4 Kf6
30.Rc2e2 c4
31.g5 Kg7
32.Bd3b1 Rb3b5
33.Kg3 Kf8
34.f5 gxf5
35.Re7e5 Rd8b8
36.Kf4 d4
37.Re5xb5 Rb8xb5
38.cxd4 c3
39.h4 Rb5xb2
40.Re2xb2 cxb2
41.d5 Kg7
42.Ke5 Bd7c8
43.h5 h6
44.gxh6 Kxh6
45.d6 Bc8d7
46.Bb1d3 Kxh5
47.Kd4 Kg5
48.Kc3 Kf4
49.Kxb2 Ke5
50.Kc3 f4
{ resign }
0-1

[Event "Tourn. n9030"]
[Site "www.chess-mail.com"]
[Date "2016.11.19"]
[Round "1"]
[White "Fred"]
[Black "Picifarkinca"]
[WhiteElo "1980"]
[BlackElo "2000"]
[Result "1-0"]
[Round "1"]
1.e4 c6
2.f4 d5
3.e5 Bc8f5
4.d4 e6
5.Ng1f3 Nb8d7
6.Bf1d3 Bf5xd3
7.Qd1xd3 Qd8b6
8.Nb1c3 Ng8e7
9.Bc1d2 Ne7f5
10.O-O c5
11.Nc3a4 Qb6c7
12.Ra1e1 Nf5xd4
13.Nf3xd4 cxd4
14.b3 Ra8c8
15.Re1c1 Bf8a3
16.Rc1d1 Qc7xc2
17.Qd3xd4 O-O
18.Qd4f2 Nd7c5
19.Na4xc5 Ba3xc5
20.Bd2e3 Qc2xf2
21.Be3xf2 Rf8d8
22.Bf2xc5 Rc8xc5
23.Rd1c1 Rd8c8
24.Rc1e1 Rc5c2
25.Rf1f2 Kf8
26.a4 Rc2xf2
27.Kxf2 Rc8c3
28.Re1e3 Rc3c2
29.Kg3 Ke7
30.h4 h5
31.Kf3 g6
32.g4 Rc2c1
33.gxh5 gxh5
34.Kg2 Rc1c2
35.Kg3 { resign }
1-0